000 00299nam a2200121Ia 4500
008 220204s9999 xx 000 0 und d
082 _a065
_bDYE
100 _aDyer, Frederick C
245 0 _aEnjoyment of management
260 _aBombay
_bTaraporevala
_c1972
700 _aDyer, John M
942 _cBK
999 _c30348
_d30348